[Event "Klubbmesterskapet 2016 (A)"]
[Site "Ås, Akershus NOR"]
[Date "2016.01.28"]
[Round "3"]
[White "Fuglseth, Jan"]
[Black "Andersen, Odd"]
[Result "1/2-1/2"]
[WhiteElo "1477"]
[BlackElo "1611"]
[Annotator "Jan Fuglseth"]
[PlyCount "55"]
[EventDate "2016.01.14"]

1. c4 c6 2. Nf3 d5 3. cxd5 cxd5 4. d4 Nf6 5. Nc3 a6 6. g3 $146 Nc6 7. Bg2 Bf5
8. O-O e6 9. Bf4 h6 10. Re1 Be7 11. Ne5 O-O 12. a3 Nxe5 13. dxe5 Nd7 14. e4
dxe4 15. Bxe4 Bxe4 16. Rxe4 Nc5 17. Rd4 Qb6 18. Rb1 (18. b4 Nb3 19. Rd7 Nxa1
20. Rxe7 Qc6) 18... Rad8 19. Rxd8 $6 (19. Be3) 19... Rxd8 20. Qg4 Kf8 {Sort
står litt bedre enn hvit. Med Sd3 hadde han fått et godt initiativ.} 21. Be3
Qb3 22. h4 $6 {Pussig trekk. Sort bør svare med Sd3.} Qc2 $2 23. Qe2 Qf5 {
Fritz bedømmer stillingen til helt lik, men hvit føler seg litt presset.} 24.
f4 h5 25. Rd1 Rxd1+ 26. Qxd1 g6 {Sort så fella.} 27. Kh2 Qg4 $2 (27... Nd3 28.
Qd2 $11) 28. Bxc5 {Remis. Fritz mener at hvit nå har fordel. Det hadde blitt
en lang kveld. Fortsettelsen kunne blitt noe slik} (28. Bxc5 Bxc5 29. Qxg4 hxg4
30. Ne4 Bd4 31. b3 Bb2 32. a4) 1/2-1/2

[Event "Klubbmesterskapet 2016 (A)"]
[Site "Ås, Akershus NOR"]
[Date "2016.01.28"]
[Round "3"]
[White "Kielland-Lund, Jon"]
[Black "Furnes, Torstein"]
[Result "0-1"]
[WhiteElo "1550"]
[BlackElo "1623"]
[Annotator "Furnes, Torstein"]
[PlyCount "110"]
[EventDate "2016.01.14"]

1. c4 e5 2. Nc3 Nf6 3. Nf3 Nc6 4. g3 d5 5. cxd5 Nxd5 6. Bg2 Nxc3 7. bxc3 Bd6 8.
O-O O-O 9. d3 Bg4 10. Rb1 Rb8 11. Qa4 Qd7 12. Re1 a6 13. Nd2 Nd8 14. Qxd7 Bxd7
15. Nc4 b5 16. Nxd6 cxd6 {Hvit står best, med et sterkt løperpar, mens svart
har en svak springer på 8. raden. Fritz 11 vurderer her hvits fordel til ca.
+0.9} 17. Ba3 Rb6 18. c4 Re8 19. c5 dxc5 20. Bxc5 Rf6 21. Rec1 Bc6 22. Be3 Bxg2
23. Kxg2 Nc6 24. Rc5 Rfe6 25. Rbc1 Nd4 26. Kf1 Nf5 27. Bd2 f6 28. Rc6 Nd4 {
Ifølge Fritz 11 er vi nå ved et vendepunkt i partiet. Fritz-evalueringen har i
lang tid vist en liten hvit fordel. Etter hvits neste trekk er evalueringen
nede på 0.} 29. Rxe6 $11 (29. Rc7 $14) 29... Rxe6 30. Rc7 $15 {Og nå vipper
Fritz-vurderingen over på svart fordel resten av partiet.} (30. e3 $11) 30...
Rc6 31. Rxc6 Nxc6 32. e3 Kf7 33. Ke2 Ke6 34. Bc3 b4 35. Bb2 Kd5 36. f4 a5 37.
fxe5 fxe5 38. Kf3 a4 39. a3 bxa3 40. Bxa3 Na7 41. Bb2 Nb5 42. e4+ $6 $19 {
Ifølge Fritz 11 er dette tapstrekket ! Svarts fordel øker fra -0.3 til -3.} Kd6
({Viktig at kongen går til riktig felt. Etter} 42... Ke6 $2 {ville mye av
svartfordelen forsvunnet igjen.}) 43. Ke3 a3 44. Ba1 Nd4 45. Bc3 a2 46. Kd2
a1=Q 47. Bxa1 Nb3+ 48. Kc2 Nxa1+ 49. Kb2 Kc5 50. Kxa1 Kd4 51. Kb2 Kxd3 52. Kc1
Kxe4 53. Kd2 Kf3 54. Ke1 Ke3 55. Kf1 Kd2 0-1

[Event "Klubbmesterskapet 2016 (A)"]
[Site "Ås, Akershus NOR"]
[Date "2016.02.03"]
[Round "3"]
[White "Ruud, Kjetil"]
[Black "Lund, Petter"]
[Result "0-1"]
[WhiteElo "1392"]
[BlackElo "1565"]
[PlyCount "96"]
[EventDate "2016.01.14"]

1. e4 c5 2. Nf3 Nc6 3. c3 e5 4. d4 cxd4 5. cxd4 exd4 6. Nxd4 Bb4+ 7. Nc3 Qe7 8.
f3 d5 9. Nxc6 bxc6 10. Qd4 Nf6 11. Bg5 dxe4 12. Bxf6 gxf6 13. fxe4 Bg4 14. h3
Rd8 15. Qc4 Qd6 16. Be2 Be6 17. Qa6 Qd2+ 18. Kf1 Qxb2 19. Rd1 Qxc3 20. Rxd8+
Kxd8 21. g4 Qe1+ 22. Kg2 Qc3 23. Rd1+ Ke8 24. Qxa7 Kf8 25. Qb8+ Kg7 26. Qf4 Ra8
27. g5 Qxh3+ 28. Kf2 Bc5+ 29. Ke1 Qc3+ 30. Rd2 Bb4 31. gxf6+ Qxf6 32. Qg3+ Kf8
33. e5 Qh6 34. Qd3 Rxa2 35. Qd8+ Kg7 36. Kf2 Qf4+ 37. Kg2 Rxd2 38. Qf6+ Qxf6
39. exf6+ Kxf6 40. Kf3 Bg4+ 41. Ke3 Rxe2+ 42. Kf4 h5 43. Kg3 Re3+ 44. Kf2 Ra3
45. Kf1 Ra2 46. Kg1 Bc5+ 47. Kf1 h4 48. Ke1 h3 0-1

[Event "Klubbmesterskapet 2016 (B)"]
[Site "Ås, Akershus NOR"]
[Date "2016.01.28"]
[Round "3"]
[White "Thowsen, Alf Geir"]
[Black "Bø, Martin"]
[Result "1/2-1/2"]
[WhiteElo "1175"]
[BlackElo "1118"]
[PlyCount "114"]
[EventDate "2016.01.14"]

1. d4 Nf6 2. c4 e6 3. Nc3 Bb4 4. Bd2 O-O 5. e3 c5 6. Nf3 b6 7. Bd3 Bb7 8. O-O
d5 9. cxd5 exd5 10. Qc2 Re8 11. Ng5 h6 12. Bh7+ Kf8 13. Nxf7 Kxf7 14. Bg6+ Kg8
15. Bxe8 Qxe8 16. f3 cxd4 17. exd4 Bd6 18. Rfe1 Qh5 19. h3 Qh4 20. Ne2 Nbd7 21.
Rf1 Re8 22. Be1 Qg5 23. f4 Qh5 24. Ng3 Qf7 25. Qa4 Bb8 26. Qc2 Ne4 27. Ne2 Ndf6
28. Rc1 Qh5 29. Rf3 Bc8 30. Ng3 (30. Qxc8 $5 Rxc8 31. Rxc8+ Kh7 32. Rxb8) 30...
Qg6 (30... Nxg3 $19 31. Bxg3 (31. Rxg3 Bxf4) 31... Bxh3 $1) 31. Nxe4 dxe4 32.
Rg3 Qf5 33. Rc3 Bb7 34. Bg3 Nh5 35. Bh2 Qd5 36. Qb3 Qxb3 37. Rxb3 Nxf4 38. Re1
Bd5 39. Rbe3 Ne6 40. Bxb8 Rxb8 41. a3 Rc8 42. Rc3 Re8 43. Rce3 Ba8 44. Rd1 Rd8
45. Rc3 Bb7 46. Kf2 Rxd4 47. Rxd4 Nxd4 48. Ke3 Nf5+ 49. Ke2 Nd4+ 50. Ke3 Ne6
51. g3 Kf7 52. Rc1 Nc5 53. b4 Ne6 54. Rd1 Ke7 55. Rd2 g5 56. h4 g4 57. Rf2 h5
1/2-1/2

[Event "Klubbmesterskapet 2016 (B)"]
[Site "Ås, Akershus NOR"]
[Date "2016.01.28"]
[Round "3"]
[White "Bakken, Svein-Erik"]
[Black "Petersen, Rune J"]
[Result "1-0"]
[WhiteElo "1346"]
[BlackElo "860"]
[PlyCount "43"]
[EventDate "2016.01.14"]

1. d4 e6 2. c4 Bb4+ 3. Nc3 Bxc3+ 4. bxc3 c6 5. Nf3 Nf6 6. Bg5 d5 7. e3 Nbd7 8.
cxd5 cxd5 9. Bd3 Qc7 10. Qc2 e5 11. dxe5 Nxe5 12. Nxe5 Qxe5 13. Bf4 Qe7 14. h3
Nh5 15. Bh2 Nf6 16. O-O Ne4 17. c4 Bxh3 18. Bxe4 dxe4 19. gxh3 O-O 20. Rfd1
Qg5+ 21. Bg3 Rad8 22. Qxe4 1-0

[Event "Klubbmesterskapet 2016 (B)"]
[Site "Ås, Akershus NOR"]
[Date "2016.01.28"]
[Round "3"]
[White "Heien, Aksel"]
[Black "Aalmo, Alexander"]
[Result "0-1"]
[WhiteElo "952"]
[BlackElo "1209"]
[PlyCount "32"]
[EventDate "2016.01.14"]

1. e4 c5 2. d4 cxd4 3. c3 dxc3 4. Nxc3 d6 5. Nf3 Nc6 6. Bc4 e6 7. O-O Nf6 8.
Be3 Be7 9. Qd2 O-O 10. Rad1 a6 11. a4 Ng4 12. h3 Nxe3 13. Qxe3 Qc7 14. Rfe1 h6
15. Nd2 b6 16. f4 d5 0-1

[Event "Klubbmesterskapet 2016 (B)"]
[Site "Ås, Akershus NOR"]
[Date "2016.01.28"]
[Round "3"]
[White "Samset, Jon"]
[Black "Simonsen, Steinar"]
[Result "1/2-1/2"]
[WhiteElo "1093"]
[BlackElo "1240"]
[PlyCount "54"]
[EventDate "2016.01.14"]

1. g3 d5 2. Nf3 Nf6 3. Bg2 e6 4. O-O c5 5. d3 Nc6 6. Bf4 Bd6 7. Bxd6 Qxd6 8.
Nbd2 O-O 9. e4 dxe4 10. dxe4 e5 11. a3 Bg4 12. Qe1 Rad8 13. Rd1 Nd4 14. Nc4 Qe6
15. Ncxe5 Nxf3+ 16. Nxf3 Rxd1 17. Qxd1 Qxe4 18. Re1 Qf5 19. c4 h6 20. Qb3 b6
21. Qe3 Re8 22. Qc3 Rd8 23. Ne5 Rd1 24. f3 Rxe1+ 25. Qxe1 Qe6 26. fxg4 Nxg4 27.
Nf3 Qxc4 1/2-1/2

[Event "Klubbmesterskapet 2016 (A)"]
[Site "Ås, Akershus NOR"]
[Date "2016.02.11"]
[Round "4"]
[White "Lea, Per"]
[Black "Lund, Petter"]
[Result "1-0"]
[WhiteElo "1543"]
[BlackElo "1565"]
[Annotator "Lea, Per"]
[PlyCount "151"]
[EventDate "2016.01.14"]

1. e4 c5 2. Nf3 d6 3. d4 cxd4 4. Nxd4 a6 5. c4 Nf6 6. Nc3 e6 7. Bg5 Be7 8. f4
O-O 9. Qd2 Nc6 10. O-O-O Qa5 11. Kb1 Rd8 $2 {Begge overser en liten kombinasjon
} 12. Be2 $2 (12. Nxc6 $1 bxc6 13. Nd5 $1 Qxd2 14. Nxe7+ Kf8 15. Rxd2 Bb7 (
15... Kxe7 $2 16. e5 Bb7 17. exf6+ $18)) 12... Bd7 13. g4 $2 (13. Nb3 Qb4 14.
Qd3 $11) 13... Nxd4 14. Qxd4 b5 $1 15. Bd3 {Springeren må skaffes et fluktfelt.
Men på d3 blir løperen stående som en storbonde helt til den blir slått i
trekk 28.} b4 16. Ne2 (16. e5 dxe5 17. Qxe5 Qxe5 18. fxe5 bxc3 19. exf6 gxf6
20. Bc1 cxb2 21. Bxb2 e5) 16... e5 17. Qg1 Bc6 $2 {Ser fristende ut, men nå
forsvinner hele svarts fordel} (17... b3 18. a3 exf4 19. Bxf4 Bxg4 $15) 18.
Bxf6 Bxf6 19. g5 Be7 20. f5 Bf8 21. h4 Qc5 22. Qg3 Ra7 23. h5 Qb6 24. f6 Qb7
25. g6 Bxe4 26. gxf7+ $2 {Tre svarte bønder foran kongen kan slås - og hvit
velger det dårligste aternativet! Ingen kommentar...} (26. gxh7+ Bxh7 27. fxg7
Bxd3+ 28. Qxd3 Kxg7 29. Qf5 Qe7 30. Nd4 exd4 31. Rde1 Re8 (31... Qd7 $4 32.
Rhg1+ Kh8 33. Qg5 $18) 32. Rxe7 Raxe7 33. h6+ $18) 26... Kh8 27. fxg7+ Bxg7 28.
h6 Bxd3+ 29. Qxd3 Bf6 $4 30. Rhf1 (30. Qxd6 $1 Qxf7 (30... Rxd6 $4 31. f8=R#)
31. Qxd8+ Bxd8 32. Rxd8+ Qg8 33. Rxg8+ Kxg8 34. Rg1+ Kf8 35. Kc2 $18) 30...
Qxf7 31. Qf3 $4 (31. Qf5 $1 Qg6 32. Qxg6 hxg6 33. Rxf6 $18) 31... Qg6+ 32. Ka1
Rf7 33. Qc6 Qxh6 34. Rxd6 Rxd6 35. Qxd6 e4 (35... Bg7 {og svart har
initiativet og en sunn merbonde}) 36. Rd1 $2 (36. Kb1 $11) 36... Qe3 $2 (36...
Qf8 {og svart beholder et visst initiativ}) 37. Qb8+ Kg7 38. Rg1+ Bg5 39. Qe5+
Kg6 40. Qe6+ Rf6 $5 (40... Kg7 41. Qe5+ Kg6 42. Qe6+ $11) 41. Qg8+ Kh5 (41...
Kf5 42. Qxh7+ Ke6 43. Re1 b3 44. Nd4+ Qxd4 45. Rxe4+ Qxe4 46. Qxe4+ Kd7 $18) (
41... Kh6 $4 42. Rh1+ Qh3 43. Rxh3+ Bh4 44. Rxh4#) 42. Qxh7+ Rh6 43. Qxe4 $2 {
Ser ut som en genial ide der og da, men mye, mye bedre og enklere er} (43. Qf7+
) (43. Qf7+ Kh4 44. Qf5 Qxg1+ (44... Qf3 45. Qxg5+ Kh3 46. Qxh6+ Qh5 47. Qxh5#)
45. Nxg1 Bc1 46. Qxe4+ Kg5) 43... Qxe4 44. Ng3+ Kh4 45. Nxe4 Rg6 46. Rxg5 $2 (
46. Nxg5 {er den beste måten å slå på}) 46... Re6 $1 {Med remistilbud. Nå må
hvit kjempe i et tårnsluttspill med 3 mot 2 bønder for å hale iland en
eventuell gevinst} 47. Rg1 Rxe4 48. Rc1 Re6 49. b3 a5 50. Rc2 Kg4 51. Kb2 Kf5
52. Rf2+ Kg6 53. Kc2 Rd6 54. Rd2 Re6 55. Kd3 Rd6+ 56. Ke3 Re6+ 57. Kf4 Kf6 58.
Rd5 Ra6 59. Ke4 a4 60. Rb5 Re6+ 61. Kd3 Rd6+ 62. Kc2 Re6 63. Rxb4 a3 64. Ra4
Re2+ 65. Kc3 Rxa2 66. Kb4 Ke6 67. Rxa3 Rc2 68. Kc5 Kd7 69. b4 Rg2 70. Rb3 Rg5+
71. Kb6 Kc8 72. c5 Rg6+ 73. c6 Re6 74. b5 Re7 75. Rh3 Re8 76. Ra3 1-0

[Event "Klubbmesterskapet 2016 (A)"]
[Site "Ås, Akershus NOR"]
[Date "2016.02.11"]
[Round "4"]
[White "Furnes, Torstein"]
[Black "Ruud, Kjetil"]
[Result "0-1"]
[WhiteElo "1623"]
[BlackElo "1392"]
[Annotator "Furnes, Torstein"]
[PlyCount "48"]
[EventDate "2016.01.14"]

1. d4 Nc6 2. c4 e5 3. d5 Nce7 4. e4 Ng6 5. Nf3 Bb4+ 6. Bd2 Bxd2+ 7. Nbxd2 Nf6
8. g3 d6 9. Bg2 O-O 10. O-O Bd7 11. b4 a5 12. a3 b6 13. Qc2 Qc8 14. Rfc1 axb4
15. axb4 Rxa1 16. Rxa1 Bh3 17. Ra7 Bxg2 18. Kxg2 Qg4 19. Rxc7 h5 20. c5 Ra8 21.
cxb6 $2 $17 {Hvit blir for ivrig på dronningfløyen og undervurderer svarts
kongeangrep. Etter dette trekket snur Fritz-evalueringen fra ca. +1 til -1.5.
Fritz mener at hvit heller bør spille Kf1 eller Db1.} Ra1 22. Ng1 $4 $19 {
Tapstrekket. Svart får nå mattangrep.} ({Ifølge Fritz 11 er hvits eneste
mulighet å ofre dronningen:} 22. Qc1 $1 Rxc1 23. Rxc1 Qd7 24. Ng5) (22. Nb1 $2
{fungerer ikke pga} Nf4+ 23. Kf1 Qxf3 24. gxf4 Ng4 25. Ke1 Rxb1+ 26. Qxb1 Qh1+
27. Kd2 Qxb1 28. b7 Qxb4+ $19) 22... Nh4+ 23. Kh1 Qh3 $1 {Elegant og
avgjørende.} ({Etter} 23... Nf3 $2 $14 {kan hvit nøytralisere angrepet med} 24.
Nb1 Ne1 25. f3 Nxc2 26. fxg4 Rxb1 27. Rxc2 Rxb4 28. gxh5 Rxb6 $11) 24. gxh4 Ng4
0-1

[Event "Klubbmesterskapet 2016 (A)"]
[Site "Ås, Akershus NOR"]
[Date "2016.02.11"]
[Round "4"]
[White "Olsen, Trygve"]
[Black "Kielland-Lund, Jon"]
[Result "0-1"]
[WhiteElo "1291"]
[BlackElo "1550"]
[PlyCount "72"]
[EventDate "2016.01.14"]

1. f4 e5 2. fxe5 d6 3. Nf3 dxe5 4. e4 Bg4 5. Bc4 Nf6 6. c3 Bxf3 7. Qxf3 Nc6 8.
O-O Bc5+ 9. Kh1 Qe7 10. b4 Bd6 11. a4 a5 12. b5 Nd8 13. d3 h6 14. Bb3 c5 15.
Nd2 Ne6 16. Nc4 Bc7 17. Ne3 O-O-O 18. Nc4 b6 19. Rd1 Ng5 20. Bxg5 hxg5 21. Qf5+
Qd7 22. Qxg5 Ng4 23. Kg1 Rxh2 24. Qf5 Qxf5 25. exf5 Rdh8 26. Kf1 R8h5 27. Ke2
Rxf5 28. Kd2 Rxg2+ 29. Kc1 Rff2 30. Rh1 Rh2 31. Rg1 f5 32. Rd1 g6 33. Re1 Kb7
34. Ne3 Nxe3 35. Rxe3 Rf1+ 36. Bd1 e4 0-1

[Event "Klubbmesterskapet 2016 (A)"]
[Site "Ås, Akershus NOR"]
[Date "2016.02.11"]
[Round "4"]
[White "Johnson, David"]
[Black "Fuglseth, Jan"]
[Result "0-1"]
[WhiteElo "1431"]
[BlackElo "1477"]
[Annotator "Jan Fuglseth"]
[PlyCount "152"]
[EventDate "2016.01.14"]

1. e4 e6 2. d4 d5 3. exd5 exd5 4. Nf3 Nf6 {Avbyttevarianten i Fransk med
påfølgende symetrisk spill leder ofte til remis.} 5. Bb5+ {Teoretisk nyhet. OK
fra Fritz.} Bd7 6. Bxd7+ Nbxd7 7. O-O Be7 8. Re1 O-O 9. Bg5 h6 10. Bh4 c6 11.
Nc3 Bd6 12. Ne5 Qc7 13. Bg3 Ne8 14. Qf3 Ndf6 15. a3 a5 {Hvit står aktivt og
noe bedre. Sort står krampaktig. Hverken e8 eller f8 kan røre seg.} 16. Nd1 $6
Ne4 17. Bf4 Qd8 $2 (17... g5 18. Bc1 (18. Bg3 Ng7 19. Nd3 Nxg3) 18... Bxe5) 18.
c4 N8f6 19. Re2 Re8 20. Ne3 Bf8 21. Rae1 dxc4 22. N5xc4 $2 (22. N3xc4 {var
bedre}) 22... Qxd4 23. Rd1 Qc5 24. Rc2 Qh5 25. g4 $6 Qb5 26. Nf5 Rad8 {Hvit så
et spøkelse med springergaffel på d6. Dessuten vil et tårnbytte medføre en
nyttig linje for sorts andre tårn.} 27. Rxd8 Rxd8 $19 28. Bc7 $4 {Sort har nå
avgjørende fordel.} Rd5 $2 {... reduserer fordelen.} (28... Ng5 29. Qe2 Qd5 30.
Rc3 Re8 31. Qf1) 29. Bxa5 $4 Ng5 $1 30. Qe2 Nxg4 31. a4 $6 Qb3 32. Rc3 Nh3+ 33.
Kf1 Rd1+ 34. Kg2 Nf4+ 35. Kf3 Qxc3+ 36. Kxf4 {Både g5 og Dh3 vil drepe partiet}
Rd4+ 37. Nxd4 Qxd4+ 38. Kg3 Nf6 39. Bc3 Ne4+ 40. Kg2 Nxc3 41. bxc3 Qxc3 {Sort
har avgjørende fordel med bonde over på begge fløyene. Han må bare passe på at
hvit ikke får siktet inn begge offiserene på f7 eller f8.} 42. Ne5 Qd4 43. a5
$2 Qd5+ 44. Kg1 Qxa5 45. f4 Qc5+ 46. Kg2 Qd5+ 47. Kg3 b5 48. Qg4 c5 49. Nd7
Qd3+ 50. Kf2 Qd6 (50... f5 {var adskillig bedre}) 51. Ne5 b4 52. Qf5 Qf6 53.
Qe4 Qe6 54. f5 Qa2+ 55. Kg1 f6 56. Nc4 Qa1+ 57. Kg2 Qa7 {[%emt 0:00:00]} 58.
Qe8 $4 Qf7 $4 {Hvorfor ikke bare Da2+} 59. Qe4 b3 60. Kf2 Kh7 61. Qd3 Qb7 62.
Qc3 Qb4 63. Qxb4 cxb4 {Nå er det nesten umulig å stanse sort} 64. Ke2 g6 65.
fxg6+ Kxg6 66. Kd2 f5 67. Kc1 Bg7 68. Nd2 b2+ 69. Kb1 f4 70. h3 Kg5 71. Nf3+
Kf5 72. Kc2 Ke4 73. Nd2+ Ke3 74. Kd1 f3 75. h4 {Sort får nå full fokus på å
avverge patt på første raden} Bc3 76. Nc4+ Kd4 0-1

[Event "Klubbmesterskapet 2016 (B)"]
[Site "Ås, Akershus NOR"]
[Date "2016.02.11"]
[Round "4"]
[White "Sandvik, Sander"]
[Black "Thowsen, Alf Geir"]
[Result "1-0"]
[WhiteElo "1074"]
[BlackElo "1175"]
[Annotator "Sandvik, Sander"]
[PlyCount "65"]
[EventDate "2016.01.14"]

1. e4 c5 2. Nc3 Nc6 3. Bb5 Nf6 (3... g6 4. Bxc6 dxc6 5. d3 Bg7 6. Be3 b6 7. Qd2
Ba6 8. Nge2 c4 9. d4 Nf6) 4. Bxc6 dxc6 (4... bxc6) 5. f4 {Hvorfor ikke? En
interessant form for lukket siciliansk.} e6 {Synes hvitfeltsløperen til sort
blir veldig innesperret i denne varianten. Denne potensielle varianten var
grunnen til at jeg tenkte lenge før jeg spilte f4. Vurderte Sf3, men jeg
syntes ting så greit ut for hvit etter f4. Måtte finne en plan å spille på.} (
5... Bg4 6. Nf3 e6 7. d3 Qb6 8. h3 Bxf3 9. Qxf3 O-O-O 10. O-O) 6. Nf3 Be7 7.
O-O O-O 8. d3 Qc7 9. Qe1 (9. e5 Nd5 10. Ne4 Rd8 {Tror noe slikt som dette også
kunne være godt. Vurderte det, men gikk for dronningtrekket.}) 9... Rd8 10. Qg3
(10. Ne5) 10... Nh5 11. Qg4 g6 (11... Nf6 12. Qg3 Nh5 13. Qg4 Nf6 14. Qg3 $11)
12. Ng5 (12. Ne5 f5 13. Qf3 Bf6 14. g3 Bxe5 15. fxe5 Qxe5 16. Bg5 {Uklart, det
var derfor jeg valgte å gå for Sg5.}) 12... e5 13. f5 {Nå føler jeg at jeg
står bedre, har lengtet etter å få spille f5, så det var greit å få den inn
uten ekstra kostnader.} Rf8 (13... Bd7 14. Nxf7 Rf8 15. Ng5) 14. Qh3 (14. Nxh7
Kxh7 15. fxg6+ fxg6 {Så lenge på denne varianten, men det er bare dårlig for
hvit, rett og slett.}) 14... Bxg5 15. Bxg5 f6 16. g4 $2 (16. Bh6 Ng7 17. Qg3
gxf5 18. exf5 Kh8 19. Bxg7+ Qxg7 20. Qxg7+ Kxg7 21. Ne4 b6 22. Rf3 {Definitivt
godt for hvit, og jeg vurderte noe av denne natur, men spilte g4. Dette var
nok en feilvurdering, da jeg begynte å få veldig dårlig med tid også.}) 16...
fxg5 17. gxh5 gxf5 18. exf5 Bd7 19. Qe3 {Syntes dette trekket virket godt, da
det angrep mye, men jeg burde startet med å forhindre h6. Vurderte dette, men
spilte på inkrement nå, og tidsnøden begynte å komme krypende.} (19. h6 Qb6 20.
Kh1 c4 21. dxc4 c5) 19... h6 20. h4 (20. f6 $1 Qd6 21. Rae1) 20... Rxf5 21.
Rxf5 Bxf5 22. hxg5 Qg7 23. g6 $4 (23. Rf1 {[%emt 0:00:00]} Rf8 {[%emt 0:00:02]}
24. g6 {[%emt 0:00:10]}) 23... Rf8 (23... Bg4 {Så dette trekket akkurat i det
jeg trykket ned klokken. Svettet litt på innsidene av håndflaten, men hadde så
lite tid at jeg ikke rakk å bekymre meg stort uansett.} 24. Qxc5 Bxh5 25. Rf1
Bxg6 26. Kh2) 24. Qxc5 {$4 Brikkene mine er altfor langt unna kongen. En
skikkelig bukk.} Bg4 $4 (24... Bxg6 25. Kh2 Rf5 26. Rg1 Rxh5+ 27. Kg2 e4 28.
Qxa7 Qf7 29. Qe3 exd3 30. cxd3 Bxd3 31. Qxd3 Rg5+ 32. Qg3 (32. Kh2 Qf2+ 33. Kh3
Rxg1)) 25. Qc4+ Kh8 26. Qxg4 Rf4 27. Qc8+ Rf8 28. Qg4 Rf4 29. Qh3 Qe7 30. Ne4
Rh4 31. Qc8+ Kg7 32. Rf1 Rxh5 33. Rf7+ {Ja, det er vel som man sier. Sjakk
handler om å gjøre den nest siste bukken!} 1-0

[Event "Klubbmesterskapet 2016 (B)"]
[Site "Ås, Akershus NOR"]
[Date "2016.02.12"]
[Round "4"]
[White "Rønbeck, Bjørn"]
[Black "Garmark, Vegard"]
[Result "1-0"]
[WhiteElo "1115"]
[BlackElo "1202"]
[PlyCount "59"]
[EventDate "2016.01.14"]

1. f4 Nf6 2. b3 d5 3. Ba3 c5 4. d4 cxd4 5. Qxd4 Nc6 6. Qd1 Ne4 7. e3 Qa5+ 8. b4
Nxb4 9. Bxb4 Qxb4+ 10. Nd2 Qc3 11. Bb5+ Bd7 12. Bxd7+ Kxd7 13. Ne2 Qxe3 14.
Nxe4 Qxe4 15. O-O e6 16. f5 e5 17. Rb1 b6 18. c3 Rc8 19. Kh1 Bc5 20. Ng3 Qc4
21. Re1 f6 22. Re4 Qxc3 23. Qxd5+ Bd6 24. Qe6+ Kd8 25. Qxd6+ Ke8 26. Qe6+ Kf8
27. Rbe1 Rc6 28. Qd5 Qc5 29. Qd8+ Kf7 30. Qxh8 1-0

[Event "Klubbmesterskapet 2016 (B)"]
[Site "Ås, Akershus NOR"]
[Date "2016.02.11"]
[Round "4"]
[White "Stensland, Martin"]
[Black "Samset, Jon"]
[Result "1-0"]
[WhiteElo "1146"]
[BlackElo "1093"]
[PlyCount "109"]
[EventDate "2016.01.14"]

1. Nf3 d5 2. d4 Bg4 3. Nc3 Bxf3 4. exf3 a6 5. Bd3 Nc6 6. Be3 e5 7. Ne2 Bb4+ 8.
c3 Bd6 9. Bc2 exd4 10. cxd4 Bb4+ 11. Nc3 Qe7 12. O-O O-O-O 13. a3 Bd6 14. f4
Nf6 15. Ba4 Na5 16. b4 Nc4 17. Bc1 c6 18. Re1 Qc7 19. Bb3 Bxf4 20. Bxf4 Qxf4
21. g3 Qd6 22. Qf3 Nd2 23. Qd1 Nde4 24. Nxe4 Nxe4 25. Rc1 f5 26. Bc2 Rdf8 27.
Bxe4 dxe4 28. d5 Rd8 29. dxc6 bxc6 30. Qa4 Kb7 31. Rc5 g6 32. Rec1 Rc8 33. Qb3
Rhf8 34. a4 f4 35. Rd1 Qe7 36. Qc3 f3 37. Re5 Qf7 38. Rxe4 Qf5 39. Rf4 Qh5 40.
Rxf8 Rxf8 41. Qg7+ Kb6 42. Qxf8 Qg4 43. Qf6 h5 44. Rd4 Qh3 45. Qxf3 Qe6 46. Re4
Qa2 47. Qe3+ Kb7 48. Re7+ Kc8 49. a5 Qb1+ 50. Kg2 Qxb4 51. Re8+ Kd7 52. Re5 Qc4
53. Re7+ Kc8 54. Re8+ Kd7 55. Qe7# 1-0

[Event "Klubbmesterskapet 2016 (B)"]
[Site "Ås, Akershus NOR"]
[Date "2016.02.25"]
[Round "4"]
[White "Bø, Martin"]
[Black "Bakken, Svein-Erik"]
[Result "1-0"]
[WhiteElo "1118"]
[BlackElo "1346"]
[PlyCount "57"]
[EventDate "2016.01.14"]

1. d4 d5 2. c4 e6 3. g3 Nf6 4. Nf3 c5 5. Bg2 Nc6 6. O-O Be7 7. Nc3 O-O 8. Bf4
a6 9. Rc1 cxd4 10. Nxd4 Bd6 11. Bxd6 Qxd6 12. Na4 Nxd4 13. Qxd4 e5 $6 14. Qb6
Rd8 15. cxd5 Rb8 16. Rfd1 Bf5 17. Rc7 e4 18. Rxb7 Rxb7 19. Qxb7 h6 20. Nc3 Rb8
21. Qc6 Qxc6 $2 22. dxc6 Rc8 23. Nd5 Nxd5 24. Rxd5 Be6 25. Rc5 f5 26. b3 Rc7
27. e3 Kf8 28. Bf1 Bd7 29. cxd7 1-0

[Event "Klubbmesterskapet 2016 (B)"]
[Site "Ås, Akershus NOR"]
[Date "2016.03.03"]
[Round "4"]
[White "Simonsen, Steinar"]
[Black "Heien, Aksel"]
[Result "1-0"]
[WhiteElo "1240"]
[BlackElo "952"]
[PlyCount "90"]
[EventDate "2016.01.14"]

1. c4 Nf6 2. Nc3 d5 3. cxd5 Nxd5 4. Nxd5 Qxd5 5. Nf3 e5 6. d3 Nc6 7. e4 Qd8 8.
a3 Be7 9. Be2 O-O 10. O-O Kh8 11. b4 a6 12. Bb2 Bd6 13. d4 Qe7 14. d5 Na7 15.
Rc1 f5 16. Bd3 fxe4 17. Bxe4 Bg4 18. Qd3 Rae8 19. Nd2 Qh4 20. f3 Bd7 21. Qe3
Nb5 22. g3 Qe7 23. Nc4 Bf5 24. Bxf5 Rxf5 25. a4 Nd4 26. Bxd4 exd4 27. Qxd4 Bxb4
28. Qd3 Bc5+ 29. Kg2 Be3 30. Qxf5 Bxc1 31. Rxc1 g6 32. Qe4 Qxe4 33. fxe4 Rxe4
34. d6 cxd6 35. Nxd6 Rxa4 36. Nxb7 Kg7 37. Rc6 h5 38. h4 Kh6 39. Nd6 Ra5 40.
Rc7 Rd5 41. Nf7+ Kg7 42. Ng5+ Kf6 43. Rc6+ Kf5 44. Rxa6 Rb5 45. Ra2 Re5 1-0

[Event "Klubbmesterskapet 2016 (A)"]
[Site "Ås, Akershus NOR"]
[Date "2016.02.28"]
[Round "5"]
[White "Kielland-Lund, Jon"]
[Black "Andersen, Odd"]
[Result "0-1"]
[WhiteElo "1550"]
[BlackElo "1611"]
[Annotator "Kielland-Lund,Jon"]
[PlyCount "98"]
[EventDate "2016.01.14"]

1. c4 f5 2. Nf3 e6 3. d4 d5 4. Nc3 c6 5. g3 Nf6 6. Bg5 Be7 7. Bg2 O-O 8. O-O
Nbd7 9. c5 {? umotivert} h6 10. Bxf6 Bxf6 11. Qc2 e5 12. dxe5 Nxe5 13. e3 Nxf3+
14. Bxf3 Qa5 15. Na4 (15. Ne2 Bd7 16. b4) 15... Bd7 16. b4 Qc7 17. Rac1 Kh8 18.
Rfd1 Qe5 19. a3 Be8 20. Qb3 Bf7 21. Qd3 a6 22. Nb6 Rad8 23. Qc2 g5 24. a4 Bg6
25. b5 axb5 26. axb5 Rg8 27. Qa4 Be8 28. bxc6 bxc6 {Helt likt jfr. critter} 29.
Kf1 h5 30. Rd4 h4 31. Rb4 hxg3 32. hxg3 Rg7 33. Kg2 Qc7 34. Rh1+ Kg8 35. Be2
Qe7 36. Qc2 Qe5 37. Bd3 f4 38. exf4 gxf4 39. Rh3 Bh5 40. Bf5 Be8 41. g4 d4 42.
Kf1 Re7 43. Rb1 Bf7 44. Rh7 {?? fatal feil i begynnende tidsnød} (44. Nc8 Ree8
45. Nd6 Re7 46. Bh7+ Kf8 47. Nxf7 Rxf7 48. Re1 Qg5 49. Bf5 {med stor fordel})
44... f3 45. Rh3 Qe2+ 46. Qxe2 fxe2+ 47. Ke1 d3 48. Rxd3 Rxd3 49. Bxd3 Bc3# 0-1